<?xml version="1.0" encoding="UTF-8"?>
<record
    xmlns:xsi="http://www.w3.org/2001/XMLSchema-instance"
    xsi:schemaLocation="http://www.loc.gov/MARC21/slim http://www.loc.gov/standards/marcxml/schema/MARC21slim.xsd"
    xmlns="http://www.loc.gov/MARC21/slim">

  <leader>00997nam a2200253 i 4500</leader>
  <controlfield tag="001">12677</controlfield>
  <controlfield tag="003">ES-MaACL</controlfield>
  <controlfield tag="005">20250828094147.0</controlfield>
  <controlfield tag="007">t|</controlfield>
  <controlfield tag="008">921020s1989    sp           ||||0| spa d</controlfield>
  <datafield tag="016" ind1="7" ind2=" ">
    <subfield code="z">CHM920007425</subfield>
  </datafield>
  <datafield tag="040" ind1=" " ind2=" ">
    <subfield code="a">CHM </subfield>
    <subfield code="b">spa </subfield>
    <subfield code="c">CHM</subfield>
  </datafield>
  <datafield tag="080" ind1=" " ind2=" ">
    <subfield code="a">930.255(460.25)</subfield>
  </datafield>
  <datafield tag="100" ind1="1" ind2=" ">
    <subfield code="a">Espa&#xF1;a Fuentes, Rafael.</subfield>
    <subfield code="9">47760</subfield>
  </datafield>
  <datafield tag="245" ind1="1" ind2="4">
    <subfield code="a">Los archivos municipales de Extremadura </subfield>
    <subfield code="b">: (una experiencia de inventariado y catalogaci&#xF3;n, 1984/1988) / </subfield>
    <subfield code="c">Rafael Espa&#xF1;a Fuentes, Senador Fuentes Morcillo, Rom&#xE1;n Hern&#xE1;ndez Nieves.</subfield>
  </datafield>
  <datafield tag="260" ind1=" " ind2=" ">
    <subfield code="a">M&#xE9;rida : </subfield>
    <subfield code="b">Centro Regional de la UNED en Extremadura, </subfield>
    <subfield code="c">D.L. 1989.</subfield>
  </datafield>
  <datafield tag="300" ind1=" " ind2=" ">
    <subfield code="a">152 p ; </subfield>
    <subfield code="c">22 cm.</subfield>
  </datafield>
  <datafield tag="650" ind1="1" ind2="4">
    <subfield code="a">Archivos municipales-</subfield>
    <subfield code="z">Extremadura.</subfield>
    <subfield code="9">9959</subfield>
  </datafield>
  <datafield tag="700" ind1="1" ind2=" ">
    <subfield code="a">Fuentes Morcillo, Senador.</subfield>
    <subfield code="9">52936</subfield>
  </datafield>
  <datafield tag="700" ind1="1" ind2=" ">
    <subfield code="a">Hern&#xE1;ndez Nieves, Rom&#xE1;n.</subfield>
    <subfield code="9">63006</subfield>
  </datafield>
  <datafield tag="710" ind1="2" ind2=" ">
    <subfield code="a">Universidad Nacional de Educaci&#xF3;n a Distancia (Espa&#xF1;a). </subfield>
    <subfield code="b">Centro Regional de Extremadura</subfield>
    <subfield code="9">7412</subfield>
  </datafield>
  <datafield tag="852" ind1=" " ind2=" ">
    <subfield code="a">ES-MaACL</subfield>
    <subfield code="j">L-20078 </subfield>
    <subfield code="b">R.118328</subfield>
  </datafield>
  <datafield tag="999" ind1=" " ind2=" ">
    <subfield code="c">12677</subfield>
    <subfield code="d">12677</subfield>
  </datafield>
  <datafield tag="952" ind1=" " ind2=" ">
    <subfield code="0">0</subfield>
    <subfield code="1">0</subfield>
    <subfield code="2">udc</subfield>
    <subfield code="4">0</subfield>
    <subfield code="7">0</subfield>
    <subfield code="8">Biblioteca_profesional </subfield>
    <subfield code="a">ATENEOM</subfield>
    <subfield code="b">ATENEOM</subfield>
    <subfield code="c">DEPO2</subfield>
    <subfield code="d">2008-01-17</subfield>
    <subfield code="l">0</subfield>
    <subfield code="o">L-20078</subfield>
    <subfield code="p">1012914</subfield>
    <subfield code="r">2023-02-23 00:00:00</subfield>
    <subfield code="w">2023-02-23</subfield>
    <subfield code="y">MONOGRAFIA</subfield>
  </datafield>
</record>
